[Event "37. Open Barberá del Vallés 2014"]
[Site "Barberá del Vallés ESP"]
[Date "2014.07.05"]
[Round "2.29"]
[White "Nadal Fajardo, Ricard"]
[Black "Capellades Subirana, Marc"]
[Result "0-1"]
[WhiteElo "1999"]
[BlackElo "2211"]
[PlyCount "56"]
[EventDate "2014.07.04"]
[EventType "swiss"]
[EventRounds "9"]
[EventCountry "ESP"]
[Source "lmi"]
[SourceDate "2014.07.04"]

1. e4 e5 2. Nf3 Nc6 3. Bb5 Nf6 4. O-O Be7 5. d3 d6 6. h3 O-O 7. Nbd2 Ne8 8. Bc4
Kh8 9. Bd5 f5 10. exf5 Bxf5 11. Ne4 Nf6 12. Nxf6 Bxf6 13. c3 Qe8 14. Qe2 Qg6
15. Be4 d5 16. Bxf5 Qxf5 17. Nh2 Rae8 18. Ng4 e4 19. dxe4 Rxe4 20. Qb5 Bh4 21.
Be3 Re6 22. Rad1 Ne7 23. Qxb7 h5 24. Nh2 Rg6 25. Kh1 Qe4 26. Rg1 Bxf2 27. Bxf2
Rxf2 28. Nf3 Rgxg2 0-1

[Event "37. Open Barberá del Vallés 2014"]
[Site "Barberá del Vallés ESP"]
[Date "2014.07.05"]
[Round "2.31"]
[White "Hagesather, Ellen"]
[Black "Simon Del Sol, Jaume"]
[Result "1-0"]
[WhiteElo "2182"]
[BlackElo "1986"]
[PlyCount "69"]
[EventDate "2014.07.04"]
[EventType "swiss"]
[EventRounds "9"]
[EventCountry "ESP"]
[Source "lmi"]
[SourceDate "2014.07.04"]

1. c4 b6 2. d3 Bb7 3. e4 g6 4. g3 Bg7 5. Bg2 c5 6. Ne2 Nc6 7. Nbc3 d6 8. Rb1 e6
9. a3 Nge7 10. b4 O-O 11. O-O Qd7 12. f4 Rad8 13. Be3 Ba8 14. Qc1 Nd4 15. Bf2
Nec6 16. g4 Nxe2+ 17. Nxe2 Nd4 18. Nxd4 cxd4 19. f5 e5 20. Bh4 f6 21. g5 Qe7
22. Rb2 fxg5 23. Bxg5 Bf6 24. h4 Bxg5 25. hxg5 gxf5 26. exf5 Bxg2 27. Rxg2 e4
28. Qf4 Rde8 29. f6 Qf7 30. g6 hxg6 31. Qh6 Qh7 32. Rxg6+ Kh8 33. Qg7+ Qxg7 34.
fxg7+ Kh7 35. Rxf8 1-0

[Event "37. Open Barberá del Vallés 2014"]
[Site "Barberá del Vallés ESP"]
[Date "2014.07.05"]
[Round "2.33"]
[White "Jordan Arenas, Manuel"]
[Black "Estepa-Fonseca, Omar Maria"]
[Result "1-0"]
[WhiteElo "2175"]
[BlackElo "1978"]
[PlyCount "119"]
[EventDate "2014.07.04"]
[EventType "swiss"]
[EventRounds "9"]
[EventCountry "ESP"]
[Source "lmi"]
[SourceDate "2014.07.04"]

1. d4 Nf6 2. c4 g6 3. Nc3 Bg7 4. e4 d6 5. Nf3 O-O 6. h3 e5 7. d5 a5 8. Bd3 Na6
9. O-O Nc5 10. Bc2 Bd7 11. Be3 Nh5 12. a3 Nf4 13. b4 axb4 14. axb4 Rxa1 15.
Qxa1 Na6 16. Qa3 Nxh3+ 17. gxh3 Bxh3 18. Rb1 Qc8 19. Nh2 f5 20. f3 f4 21. Bf2
Qd8 22. Kh1 Bf6 23. Rg1 Bh4 24. Nd1 Bxf2 25. Nxf2 Qh4 26. Nxh3 Qxh3 27. c5 Nb8
28. Ba4 Nd7 29. Bxd7 Qxd7 30. cxd6 cxd6 31. b5 Rc8 32. Rc1 Rxc1+ 33. Qxc1 Qd8
34. Kg2 h5 35. Kf1 Kf7 36. Qc2 Qb6 37. Qe2 Qc5 38. Kg2 b6 39. Nf1 g5 40. Nd2
Qc2 41. Kh3 Qc8+ 42. Kh2 Qc2 43. Kg2 Ke7 44. Kf2 Qc5+ 45. Ke1 Qc1+ 46. Qd1 Qc5
47. Qa4 Qe3+ 48. Kd1 Qg1+ 49. Kc2 Qc5+ 50. Qc4 g4 51. Qxc5 bxc5 52. Kd1 gxf3
53. Nxf3 c4 54. Kd2 Kd7 55. Kc3 Kc7 56. Kxc4 Kb6 57. Kb4 Kb7 58. Ka5 Ka7 59.
b6+ Kb7 60. Kb5 1-0

[Event "37. Open Barberá del Vallés 2014"]
[Site "Barberá del Vallés ESP"]
[Date "2014.07.05"]
[Round "2.34"]
[White "Garcia Ramos, Daniel"]
[Black "Menac Comas, Joan Ramon"]
[Result "1-0"]
[WhiteElo "1975"]
[BlackElo "2147"]
[PlyCount "133"]
[EventDate "2014.07.04"]
[EventType "swiss"]
[EventRounds "9"]
[EventCountry "ESP"]
[Source "lmi"]
[SourceDate "2014.07.04"]

1. e4 c5 2. Nf3 Nc6 3. d4 cxd4 4. Nxd4 e5 5. Nb5 a6 6. Nd6+ Bxd6 7. Qxd6 Qf6 8.
Qd1 Qg6 9. Nc3 d5 10. Nxd5 Qxe4+ 11. Ne3 Nge7 12. Bd3 Qh4 13. O-O O-O 14. c3
Be6 15. Re1 Rfd8 16. Qc2 Rac8 17. g3 Qf6 18. Bxh7+ Kh8 19. Be4 Nd4 20. Qd1 Ndc6
21. Qh5+ Qh6 22. Qxh6+ gxh6 23. Nf1 Kg7 24. Be3 f5 25. Bg2 Nd5 26. Red1 Nxe3
27. Nxe3 e4 28. g4 f4 29. Nf5+ Bxf5 30. gxf5 f3 31. Bf1 Kf6 32. Re1 Rg8+ 33.
Kh1 Rce8 34. Rad1 Kxf5 35. Rd6 Ke5 36. Red1 Ne7 37. Bc4 Rg2 38. R1d2 Nf5 39.
R2d5+ Kf4 40. Rf6 Re5 41. Rd2 e3 42. fxe3+ Kxe3 43. Rxg2 fxg2+ 44. Kxg2 Nh4+
45. Kh3 Nf3 46. Rxh6 Ng1+ 47. Kg2 Rg5+ 48. Kf1 Nf3 49. Re6+ Kf4 50. Kf2 Nxh2
51. Be2 Ng4+ 52. Bxg4 Rxg4 53. Re7 b5 54. Ke1 Rg5 55. Kd2 Rd5+ 56. Kc2 Re5 57.
Rxe5 Kxe5 58. Kb3 Kd5 59. Kb4 Kc6 60. Ka5 Kb7 61. b3 Ka7 62. c4 bxc4 63. bxc4
Kb7 64. c5 Kc6 65. Kb4 a5+ 66. Kc4 a4 67. a3 1-0

[Event "37. Open Barberá del Vallés 2014"]
[Site "Barberá del Vallés ESP"]
[Date "2014.07.05"]
[Round "2.35"]
[White "Fabre Massana, Miquel"]
[Black "Ventura Bolet, Alexandre"]
[Result "0-1"]
[WhiteElo "2116"]
[BlackElo "1949"]
[PlyCount "124"]
[EventDate "2014.07.04"]
[EventType "swiss"]
[EventRounds "9"]
[EventCountry "ESP"]
[Source "lmi"]
[SourceDate "2014.07.04"]

1. e4 Nf6 2. e5 Nd5 3. c4 Nb6 4. c5 Nd5 5. Nc3 Nxc3 6. dxc3 d6 7. Bc4 Nc6 8.
Nf3 e6 9. Bg5 Qd7 10. cxd6 cxd6 11. Qe2 Qc7 12. Bf4 d5 13. Bd3 Be7 14. O-O b6
15. Nd4 a6 16. Rac1 Bb7 17. Rfe1 h5 18. b4 b5 19. Qe3 Qd8 20. Nf3 d4 21. cxd4
Nxb4 22. Be4 Nd5 23. Qb3 Rc8 24. Rxc8 Qxc8 25. Rc1 Qd7 26. Bg5 Nf4 27. Qc2 Nd5
28. Bxe7 Qxe7 29. Qc5 Qxc5 30. Rxc5 Kd7 31. Nd2 Rc8 32. Nb3 Rxc5 33. Nxc5+ Kc8
34. Kf1 a5 35. Ke1 Bc6 36. Kd2 Kc7 37. g3 Kb6 38. a3 b4 39. axb4 Nxb4 40. Kc3
Kb5 41. f4 a4 42. Bxc6+ Nxc6 43. Ne4 a3 44. Nd6+ Ka4 45. Nxf7 Nxd4 46. Ng5 Nb3
47. Nxe6 a2 48. Nc5+ Nxc5 49. Kb2 Kb4 50. Kxa2 Kc4 51. Kb2 Kd4 52. Kc2 h4 53.
gxh4 Ke4 54. h5 Kxf4 55. h6 gxh6 56. Kd2 Kxe5 57. Ke3 Kf5 58. Kf3 Ne4 59. Ke3
Ng5 60. Kf2 Kg4 61. Kg2 Ne4 62. Kh1 Kh3 0-1

[Event "37. Open Barberá del Vallés 2014"]
[Site "Barberá del Vallés ESP"]
[Date "2014.07.05"]
[Round "2.36"]
[White "Colom Andres, Xavier"]
[Black "Del Amo Carbo, Jordi"]
[Result "0-1"]
[WhiteElo "1905"]
[BlackElo "2112"]
[PlyCount "70"]
[EventDate "2014.07.04"]
[EventType "swiss"]
[EventRounds "9"]
[EventCountry "ESP"]
[Source "lmi"]
[SourceDate "2014.07.04"]

1. Nf3 Nf6 2. c4 e6 3. g3 b6 4. Bg2 Bb7 5. O-O Be7 6. b3 O-O 7. Bb2 d5 8. e3
Nbd7 9. Qe2 Nc5 10. d4 Nce4 11. Rd1 Ng4 12. Rf1 f5 13. Nbd2 Qe8 14. Ne5 Nxd2
15. Qxd2 Qh5 16. Nxg4 fxg4 17. Qe2 Rf3 18. c5 Raf8 19. Rac1 bxc5 20. dxc5 e5
21. c6 Bc8 22. Rcd1 Be6 23. e4 Bc5 24. exd5 Rxf2 25. Rxf2 Rxf2 26. Qxf2 Bxf2+
27. Kxf2 Qf5+ 28. Ke1 Bc8 29. Rd2 Ba6 30. Ba3 h5 31. Bc5 g5 32. b4 h4 33. Rf2
Qb1+ 34. Kd2 h3 35. d6 Qd3+ 0-1

[Event "37. Open Barberá del Vallés 2014"]
[Site "Barberá del Vallés ESP"]
[Date "2014.07.05"]
[Round "2.37"]
[White "Bernat, Ernest"]
[Black "Tadevosyan, Galust"]
[Result "1/2-1/2"]
[WhiteElo "2101"]
[BlackElo "1843"]
[PlyCount "56"]
[EventDate "2014.07.04"]
[EventType "swiss"]
[EventRounds "9"]
[EventCountry "ESP"]
[Source "lmi"]
[SourceDate "2014.07.04"]

1. e4 e6 2. d4 d5 3. Nc3 Bb4 4. exd5 exd5 5. Nf3 Ne7 6. Bd3 O-O 7. O-O Bf5 8.
Bg5 f6 9. Be3 Qd7 10. a3 Ba5 11. Qe2 Nbc6 12. b4 Bb6 13. Na4 Rfe8 14. Nxb6 axb6
15. h3 Bxd3 16. Qxd3 Ra4 17. c3 Nf5 18. Bf4 Rea8 19. Bxc7 Rxa3 20. Rxa3 Rxa3
21. Rb1 Qxc7 22. Qxf5 Ne7 23. Qe6+ Kf8 24. Rc1 Rxc3 25. Rxc3 Qxc3 26. Qxb6 Qc1+
27. Kh2 Qf4+ 28. Kg1 Qc1+ 1/2-1/2

[Event "37. Open Barberá del Vallés 2014"]
[Site "Barberá del Vallés ESP"]
[Date "2014.07.05"]
[Round "2.38"]
[White "Jimenez Ruano, Adrian"]
[Black "Garcia Marin, Guillem"]
[Result "0-1"]
[WhiteElo "1851"]
[BlackElo "2099"]
[PlyCount "90"]
[EventDate "2014.07.04"]
[EventType "swiss"]
[EventRounds "9"]
[EventCountry "ESP"]
[Source "lmi"]
[SourceDate "2014.07.04"]

1. d4 Nf6 2. c4 g6 3. Nc3 d5 4. cxd5 Nxd5 5. e4 Nxc3 6. bxc3 Bg7 7. Ba3 Nd7 8.
Nf3 c5 9. Bc4 cxd4 10. Bxf7+ Kxf7 11. Ng5+ Ke8 12. Ne6 Qb6 13. Nxg7+ Kf7 14.
Rb1 Qf6 15. cxd4 Kxg7 16. O-O Rf8 17. e5 Qg5 18. Rc1 Nb6 19. Qb3 Bd7 20. Rc7
Rae8 21. Rc5 Ba4 22. Qe6 Bc6 23. g3 Qf5 24. Qxf5 Rxf5 25. f4 Nd5 26. Bc1 h5 27.
h3 e6 28. a4 Rf7 29. a5 a6 30. h4 Rc7 31. Rf2 Rec8 32. Ba3 Bb5 33. Rd2 Rxc5 34.
dxc5 Bc6 35. Rd3 Rc7 36. Kf2 Rd7 37. Rd2 Ne7 38. Rxd7 Bxd7 39. Bb4 Bc6 40. Bc3
Kf7 41. Bb4 Ke8 42. Bd2 Kd7 43. Bb4 Nf5 44. Be1 Be4 45. Ke2 Kc6 0-1

[Event "37. Open Barberá del Vallés 2014"]
[Site "Barberá del Vallés ESP"]
[Date "2014.07.05"]
[Round "2.39"]
[White "Saez Coma, Alejandro"]
[Black "Orteu Capdevila, Max"]
[Result "1-0"]
[WhiteElo "2097"]
[BlackElo "1808"]
[PlyCount "53"]
[EventDate "2014.07.04"]
[EventType "swiss"]
[EventRounds "9"]
[EventCountry "ESP"]
[Source "lmi"]
[SourceDate "2014.07.04"]

1. Nf3 Nf6 2. g3 b6 3. Bg2 Bb7 4. c4 e6 5. O-O Be7 6. d4 d5 7. cxd5 Nxd5 8. Nc3
c5 9. Nxd5 Qxd5 10. e4 Qd8 11. Qa4+ Qd7 12. Qc2 cxd4 13. Ne5 Qc8 14. Qa4+ Nc6
15. Bd2 f6 16. Nxc6 Qxc6 17. Qxd4 Rd8 18. Qc3 Qxc3 19. Bxc3 e5 20. Rfe1 Bc5 21.
Bf1 Bd4 22. Rac1 Bxc3 23. Rxc3 Ke7 24. Bh3 Bc8 25. Rc7+ Kd6 26. Rec1 Bd7 27.
Rxd7+ 1-0

[Event "37. Open Barberá del Vallés 2014"]
[Site "Barberá del Vallés ESP"]
[Date "2014.07.05"]
[Round "2.40"]
[White "Bekker, Gary"]
[Black "Pozanco Romasanta, Marc"]
[Result "0-1"]
[WhiteElo "1820"]
[BlackElo "2088"]
[PlyCount "52"]
[EventDate "2014.07.04"]
[EventType "swiss"]
[EventRounds "9"]
[EventCountry "ESP"]
[Source "lmi"]
[SourceDate "2014.07.04"]

1. d4 Nf6 2. c4 e5 3. dxe5 Ng4 4. Bf4 g5 5. Bg3 Bg7 6. Nf3 Nc6 7. Nbd2 Ngxe5 8.
Nxe5 Nxe5 9. e3 d6 10. Be2 Be6 11. Rc1 Qe7 12. O-O f5 13. b4 O-O 14. f4 Ng4 15.
Qb3 c5 16. bxc5 dxc5 17. Nf3 gxf4 18. exf4 Kh8 19. Rfe1 Bg8 20. Bd3 Qd7 21.
Rcd1 Rae8 22. Be4 Qc7 23. Bd5 Bxd5 24. Rxd5 Rxe1+ 25. Nxe1 Bd4+ 26. Kh1 Ne3 0-1

[Event "37. Open Barberá del Vallés 2014"]
[Site "Barberá del Vallés ESP"]
[Date "2014.07.05"]
[Round "2.41"]
[White "Clanchet Olle, Josep"]
[Black "Balague Camps, Marc"]
[Result "0-1"]
[WhiteElo "1736"]
[BlackElo "2082"]
[PlyCount "86"]
[EventDate "2014.07.04"]
[EventType "swiss"]
[EventRounds "9"]
[EventCountry "ESP"]
[Source "lmi"]
[SourceDate "2014.07.04"]

1. e4 c5 2. Nf3 e6 3. d4 cxd4 4. Nxd4 Nc6 5. Be2 Qc7 6. Nc3 a6 7. Be3 Nf6 8. a3
b5 9. O-O Bb7 10. Nxc6 Bxc6 11. Qd3 Be7 12. f4 d6 13. f5 O-O 14. fxe6 fxe6 15.
Bg5 Rad8 16. Qh3 Bd7 17. Bxf6 Rxf6 18. Rxf6 Bxf6 19. Bg4 Re8 20. Rf1 Qc4 21.
Qf3 Rf8 22. e5 Qd4+ 23. Qf2 Bxe5 24. Bf3 Qf4 25. g3 Qc4 26. Qe2 Qxe2 27. Bxe2
Rc8 28. Rd1 Kf7 29. Ne4 Rxc2 30. Bd3 Rxb2 31. Ng5+ Ke7 32. Bxh7 Bc6 33. Be4
Bxe4 34. Nxe4 Ra2 35. Rd3 Re2 36. Ng5 d5 37. Nf3 Bf6 38. Kf1 Rc2 39. g4 Rc3 40.
Ne1 Kd6 41. Ke2 Kc5 42. Rxc3+ Bxc3 43. Kd3 Bxe1 0-1

[Event "37. Open Barberá del Vallés 2014"]
[Site "Barberá del Vallés ESP"]
[Date "2014.07.05"]
[Round "2.42"]
[White "Las Heras Aixandri, Guillem"]
[Black "Jareno Badenas, Aleix"]
[Result "0-1"]
[WhiteElo "1646"]
[BlackElo "2064"]
[PlyCount "102"]
[EventDate "2014.07.04"]
[EventType "swiss"]
[EventRounds "9"]
[EventCountry "ESP"]
[Source "lmi"]
[SourceDate "2014.07.04"]

1. Nf3 Nf6 2. g3 g6 3. b4 Bg7 4. Bb2 d6 5. c4 e5 6. Bg2 O-O 7. O-O c6 8. e3 Be6
9. d3 Nh5 10. Nbd2 f5 11. Rb1 Nd7 12. Nb3 h6 13. Nh4 Kh7 14. Qe2 Bf7 15. a4 f4
16. Be4 d5 17. Bf3 fxg3 18. hxg3 Nhf6 19. Bg2 dxc4 20. dxc4 Qe7 21. Bc3 Rfd8
22. Nf3 Ne8 23. Nfd2 Nb6 24. Nc5 Nd6 25. Rfd1 Ndxc4 26. Nxc4 Nxc4 27. Nb3 Rxd1+
28. Rxd1 Rd8 29. Nd2 Nxd2 30. Rxd2 Bb3 31. a5 Rd6 32. Rxd6 Qxd6 33. Qd2 Qxd2
34. Bxd2 Bd5 35. Bh3 Kg8 36. Bc8 b6 37. axb6 axb6 38. Bb7 b5 39. Bc3 g5 40. Kf1
e4 41. Bxg7 Kxg7 42. Ke2 Kf6 43. Kd2 Ke5 44. Bc8 h5 45. Kc3 h4 46. Bh3 Be6 47.
g4 Kd5 48. Kb3 c5 49. Kc3 Kc6 50. Bg2 Bd5 51. Bh1 h3 0-1

[Event "37. Open Barberá del Vallés 2014"]
[Site "Barberá del Vallés ESP"]
[Date "2014.07.06"]
[Round "3.1"]
[White "Matnadze, Ana"]
[Black "Peralta, Fernando"]
[Result "0-1"]
[WhiteElo "2389"]
[BlackElo "2596"]
[PlyCount "88"]
[EventDate "2014.07.04"]
[EventType "swiss"]
[EventRounds "9"]
[EventCountry "ESP"]
[Source "lmi"]
[SourceDate "2014.07.04"]

1. Nf3 d6 2. d4 g6 3. g3 Bg7 4. Bg2 Nd7 5. O-O e5 6. c4 Ne7 7. Nc3 O-O 8. e4
exd4 9. Nxd4 Nc6 10. Be3 Nde5 11. Nxc6 bxc6 12. Bd4 c5 13. Bxe5 Bxe5 14. Qd3
Bb7 15. Rae1 a5 16. h4 a4 17. f4 Bg7 18. e5 Bxg2 19. Kxg2 dxe5 20. Qxd8 Rfxd8
21. fxe5 Re8 22. Nd5 Rxe5 23. Nxc7 Rb8 24. Nb5 Rxe1 25. Rxe1 Bxb2 26. Re7 Rd8
27. Ra7 Rd2+ 28. Kf1 Be5 29. Rxa4 Bxg3 30. Ra8+ Kg7 31. a4 f5 32. Ra7+ Kh6 33.
Nc3 Kh5 34. Re7 Rf2+ 35. Kg1 Rc2 36. Nd5 f4 37. Re4 Kxh4 38. Kf1 g5 39. Re6 h5
40. Re2 Rc1+ 41. Kg2 g4 42. Nxf4 Bxf4 43. Ra2 Be3 44. Kh2 Rg1 0-1

[Event "37. Open Barberá del Vallés 2014"]
[Site "Barberá del Vallés ESP"]
[Date "2014.07.06"]
[Round "3.2"]
[White "Ruiz C, Joshua D"]
[Black "Aroshidze, Levan"]
[Result "0-1"]
[WhiteElo "2374"]
[BlackElo "2565"]
[PlyCount "54"]
[EventDate "2014.07.04"]
[EventType "swiss"]
[EventRounds "9"]
[EventCountry "ESP"]
[Source "lmi"]
[SourceDate "2014.07.04"]

1. e4 c5 2. Nf3 e6 3. d4 cxd4 4. Nxd4 a6 5. Nd2 Qc7 6. Bd3 Nf6 7. O-O d6 8. a4
Nbd7 9. a5 g6 10. Qe2 Bg7 11. N4b3 O-O 12. f4 Re8 13. Kh1 e5 14. f5 d5 15. fxg6
hxg6 16. Ra4 b5 17. axb6 Nxb6 18. Ra5 Bb7 19. Nc5 Nc4 20. Bxc4 Qxa5 21. Nxb7
Qc7 22. exd5 Qxb7 23. Nf3 Rad8 24. Ng5 Re7 25. Qf3 e4 26. Qh3 Qc8 27. d6 Qxc4
0-1

[Event "37. Open Barberá del Vallés 2014"]
[Site "Barberá del Vallés ESP"]
[Date "2014.07.06"]
[Round "3.3"]
[White "Narciso Dublan, Marc"]
[Black "Akshat, Khamparia"]
[Result "1-0"]
[WhiteElo "2523"]
[BlackElo "2367"]
[PlyCount "85"]
[EventDate "2014.07.04"]
[EventType "swiss"]
[EventRounds "9"]
[EventCountry "ESP"]
[Source "lmi"]
[SourceDate "2014.07.04"]

1. d4 Nf6 2. c4 c5 3. d5 e6 4. Nc3 exd5 5. cxd5 Bd6 6. Bg5 Bc7 7. d6 Ba5 8. Qc2
h6 9. Bh4 Nc6 10. e3 O-O 11. Nf3 Re8 12. O-O-O g5 13. Bg3 b5 14. Nxb5 Ne4 15.
Nc7 Bxc7 16. dxc7 Qe7 17. Ne5 Nxg3 18. Nxc6 dxc6 19. hxg3 Kg7 20. Qc3+ f6 21.
Be2 Be6 22. Bf3 Rac8 23. Bxc6 Rf8 24. Bd5 Rxc7 25. Qc4 Bf5 26. Rd2 Rb8 27. a3
Qe5 28. Rhd1 Rd8 29. Bf3 Be6 30. Qe4 Qxe4 31. Bxe4 Re8 32. Bf3 Ree7 33. Rd6 c4
34. Rc6 Rxc6 35. Bxc6 c3 36. b4 Bf5 37. Rd5 Be4 38. Rc5 f5 39. Bxe4 fxe4 40.
Rxc3 Rf7 41. Rc2 h5 42. Kd1 Rd7+ 43. Rd2 1-0

[Event "37. Open Barberá del Vallés 2014"]
[Site "Barberá del Vallés ESP"]
[Date "2014.07.06"]
[Round "3.4"]
[White "Leroy, Didier"]
[Black "Oliva Castaneda, Kevel"]
[Result "0-1"]
[WhiteElo "2319"]
[BlackElo "2419"]
[PlyCount "44"]
[EventDate "2014.07.04"]
[EventType "swiss"]
[EventRounds "9"]
[EventCountry "ESP"]
[Source "lmi"]
[SourceDate "2014.07.04"]

1. d4 Nf6 2. c4 d6 3. Nc3 e5 4. Nf3 e4 5. Nd2 Bf5 6. e3 g6 7. Qc2 Qe7 8. Nd5
Nxd5 9. cxd5 c6 10. Bc4 Bg7 11. a4 O-O 12. a5 Rc8 13. Qb3 c5 14. dxc5 Rxc5 15.
O-O Rc7 16. Rb1 Nd7 17. Qa2 Ne5 18. Be2 Rac8 19. Nb3 Bg4 20. Bxg4 Nxg4 21. Nd4
Qh4 22. h3 Nxf2 0-1

[Event "37. Open Barberá del Vallés 2014"]
[Site "Barberá del Vallés ESP"]
[Date "2014.07.06"]
[Round "3.5"]
[White "Sagar, Shah"]
[Black "Aloma Vidal, Robert"]
[Result "1/2-1/2"]
[WhiteElo "2314"]
[BlackElo "2406"]
[PlyCount "88"]
[EventDate "2014.07.04"]
[EventType "swiss"]
[EventRounds "9"]
[EventCountry "ESP"]
[Source "lmi"]
[SourceDate "2014.07.04"]

1. d4 Nf6 2. c4 e6 3. Nc3 Bb4 4. e3 O-O 5. Bd3 d5 6. Nf3 c5 7. O-O dxc4 8. Bxc4
b6 9. Qe2 Bb7 10. Rd1 cxd4 11. exd4 Bxc3 12. bxc3 Qc7 13. Ne5 Nbd7 14. Ba3 Rfe8
15. Rac1 a6 16. Bd3 Nxe5 17. dxe5 Qc6 18. f3 Nd7 19. Bxh7+ Kxh7 20. Qd3+ Kg8
21. Qxd7 b5 22. Qxc6 Bxc6 23. c4 bxc4 24. Rxc4 Bd5 25. Rc2 Rec8 26. Rdc1 Rxc2
27. Rxc2 Rb8 28. Bd6 Rb6 29. Kf2 Rc6 30. Rb2 Rc4 31. Kg3 Bc6 32. Rb8+ Kh7 33.
Rf8 Kg6 34. h4 Rc2 35. h5+ Kxh5 36. Rxf7 Kg6 37. Rc7 Ba4 38. Re7 Bb5 39. Rxe6+
Kf5 40. Re7 Bf1 41. Rf7+ Ke6 42. Re7+ Kf5 43. Rf7+ Ke6 44. Re7+ Kf5 1/2-1/2

[Event "37. Open Barberá del Vallés 2014"]
[Site "Barberá del Vallés ESP"]
[Date "2014.07.06"]
[Round "3.6"]
[White "Grigoryan, Karen H"]
[Black "Herrera Reyes, Jose Antonio"]
[Result "1-0"]
[WhiteElo "2592"]
[BlackElo "2239"]
[PlyCount "135"]
[EventDate "2014.07.04"]
[EventType "swiss"]
[EventRounds "9"]
[EventCountry "ESP"]
[Source "lmi"]
[SourceDate "2014.07.04"]

1. d4 Nf6 2. c4 g6 3. Nc3 Bg7 4. e4 d6 5. Nf3 O-O 6. Be2 c6 7. O-O Qc7 8. Re1
e5 9. Bf1 Bg4 10. d5 a6 11. h3 Bd7 12. Be3 c5 13. Rc1 h6 14. Nd2 Nh5 15. g3 Be8
16. Be2 Nf6 17. Rb1 Nh7 18. b4 cxb4 19. Rxb4 b5 20. Ndb1 f5 21. exf5 gxf5 22.
cxb5 axb5 23. Nxb5 Bxb5 24. Rxb5 f4 25. Bb6 Qe7 26. Nc3 Nd7 27. Ne4 fxg3 28.
Nxg3 Nxb6 29. Rxb6 Rxa2 30. Rf1 Qh4 31. Rb3 e4 32. Bg4 Be5 33. Nf5 Qg5 34. h4
Qf4 35. Rg3 Kh8 36. Rg2 Rxf5 37. Bxf5 Qxf5 38. Qc1 Ra8 39. Qxh6 Rg8 40. Rxg8+
Kxg8 41. Qe6+ Qxe6 42. dxe6 Kf8 43. Rb1 Nf6 44. Rb7 Nd5 45. h5 Nf4 46. e7+ Kf7
47. h6 Ng6 48. e8=B+ Kxe8 49. h7 Kf8 50. Rd7 Nh8 51. Kf1 Nf7 52. Ke2 Bh8 53.
Ke3 Ke8 54. Ra7 d5 55. Ra5 d4+ 56. Kxe4 Kf8 57. Ra7 Kg7 58. Kf5 Kf8 59. f4 Ke8
60. Kg6 d3 61. Ra5 Nd8 62. Kf5 Nc6 63. Ra8+ Nd8 64. Ra3 Nb7 65. Rxd3 Ke7 66.
Kg6 Nd8 67. Re3+ Kf8 68. f5 1-0

[Event "37. Open Barberá del Vallés 2014"]
[Site "Barberá del Vallés ESP"]
[Date "2014.07.06"]
[Round "3.7"]
[White "Gonzalez Perez, Arian"]
[Black "Hernando Rodrigo, Julio Antoni"]
[Result "0-1"]
[WhiteElo "2494"]
[BlackElo "2332"]
[PlyCount "90"]
[EventDate "2014.07.04"]
[EventType "swiss"]
[EventRounds "9"]
[EventCountry "ESP"]
[Source "lmi"]
[SourceDate "2014.07.04"]

1. d4 Nf6 2. Nf3 b6 3. Bg5 Bb7 4. Bxf6 exf6 5. e3 d5 6. Bd3 Bd6 7. c3 g6 8.
Nbd2 Nd7 9. e4 O-O 10. O-O c6 11. exd5 cxd5 12. Re1 Re8 13. Rxe8+ Qxe8 14. Qb3
Qf8 15. Bb5 Nb8 16. Re1 Qh6 17. c4 Na6 18. cxd5 Rd8 19. Ne4 Bb4 20. Bxa6 Bxe1
21. Bxb7 Qc1 22. g4 f5 23. Ng3 fxg4 24. Nxe1 Re8 25. Ba6 Rxe1+ 26. Nf1 Qf4 27.
Qc3 Rd1 28. Qe3 Qxd4 29. Qxd4 Rxd4 30. Bb7 f5 31. Ne3 h5 32. Kf1 f4 33. Ng2 g5
34. Ne1 f3 35. b3 Kf8 36. h3 Ke7 37. hxg4 hxg4 38. Bc8 Kf6 39. Be6 Ke5 40. a4
a5 41. Bf7 Rd1 42. Bh5 Kf4 43. Bf7 g3 44. fxg3+ Kxg3 45. Bh5 g4 0-1

[Event "37. Open Barberá del Vallés 2014"]
[Site "Barberá del Vallés ESP"]
[Date "2014.07.06"]
[Round "3.8"]
[White "Ghosh, Diptayan"]
[Black "Gurevich, Daniel"]
[Result "1-0"]
[WhiteElo "2468"]
[BlackElo "2317"]
[PlyCount "79"]
[EventDate "2014.07.04"]
[EventType "swiss"]
[EventRounds "9"]
[EventCountry "ESP"]
[Source "lmi"]
[SourceDate "2014.07.04"]

1. d4 Nf6 2. c4 g6 3. Nc3 Bg7 4. e4 d6 5. f3 O-O 6. Be3 a6 7. Nge2 Nbd7 8. Qd2
c5 9. Rd1 Qa5 10. dxc5 dxc5 11. Nf4 e6 12. Nd3 Qc7 13. Bf4 e5 14. Be3 b6 15.
Be2 Bb7 16. O-O Rfe8 17. Rc1 Rac8 18. Nf2 Red8 19. Nd5 Nxd5 20. cxd5 Qd6 21. a4
f5 22. Nd1 Nf6 23. Qc2 f4 24. Bf2 Bf8 25. b3 Qc7 26. Nb2 a5 27. Bb5 Bd6 28. Nc4
Nd7 29. Bh4 Kf7 30. Bxd8 Rxd8 31. g3 g5 32. gxf4 gxf4 33. Bxd7 Qxd7 34. Kh1 Qh3
35. Nxb6 Rg8 36. Nc4 Bb8 37. Qf2 Rg3 38. Nd2 h5 39. Rg1 h4 40. Qf1 1-0

[Event "37. Open Barberá del Vallés 2014"]
[Site "Barberá del Vallés ESP"]
[Date "2014.07.06"]
[Round "3.9"]
[White "Radovanovic, Jovica"]
[Black "Munoz Pantoja, Miguel"]
[Result "0-1"]
[WhiteElo "2330"]
[BlackElo "2457"]
[PlyCount "142"]
[EventDate "2014.07.04"]
[EventType "swiss"]
[EventRounds "9"]
[EventCountry "ESP"]
[Source "lmi"]
[SourceDate "2014.07.04"]

1. Nf3 c5 2. c4 Nc6 3. Nc3 g6 4. g3 Bg7 5. Bg2 e6 6. e3 Nge7 7. O-O O-O 8. d4
d6 9. b3 e5 10. dxe5 dxe5 11. Bb2 e4 12. Nd2 f5 13. f3 Qd3 14. Qc1 Qxe3+ 15.
Kh1 Rd8 16. Rd1 Be6 17. fxe4 Nb4 18. Nf3 Qxc1 19. Raxc1 Nd3 20. Rxd3 Rxd3 21.
Ng5 Bh6 22. h4 Rxg3 23. Re1 Bd7 24. exf5 Rxg2 25. Kxg2 Nxf5 26. Nf3 Bc6 27. Ne4
Ne3+ 28. Kg1 Bxe4 29. Ng5 Bxg5 30. hxg5 Nf5 31. Rxe4 Rd8 32. Re2 Kf7 33. Kf2
Rd3 34. Ke1 Re3 35. Kd2 Rh3 36. Bc3 Rh5 37. Rg2 Nh4 38. Rf2+ Nf5 39. Rg2 Nd6
40. Kc2 Ne4 41. Bd2 Ke6 42. Be3 Kf5 43. Rg1 Rh3 44. Rf1+ Ke6 45. Bc1 Rg3 46.
Re1 Ke5 47. Bb2+ Kf5 48. Rf1+ Ke6 49. Re1 Rg4 50. Bc1 Ke5 51. Re2 Rh4 52. Re1
b6 53. Rf1 Rh2+ 54. Kd3 Rf2 55. Rh1 Rf3+ 56. Kc2 Rf7 57. Re1 Rf2+ 58. Kd3 Rf3+
59. Kc2 Rc3+ 60. Kb2 Rf3 61. Kc2 Kf5 62. Rh1 Nxg5 63. Bxg5 Kxg5 64. Rxh7 Rf2+
65. Kb1 a5 66. Rb7 Rf6 67. Kb2 Kf4 68. Rd7 g5 69. Rd1 g4 70. Rf1+ Kg5 71. Rg1
Kh4 0-1

[Event "37. Open Barberá del Vallés 2014"]
[Site "Barberá del Vallés ESP"]
[Date "2014.07.06"]
[Round "3.10"]
[White "Saptarshi, Roy"]
[Black "Vehi Bach, Victor Manuel"]
[Result "1-0"]
[WhiteElo "2449"]
[BlackElo "2313"]
[PlyCount "73"]
[EventDate "2014.07.04"]
[EventType "swiss"]
[EventRounds "9"]
[EventCountry "ESP"]
[Source "lmi"]
[SourceDate "2014.07.04"]

1. e4 c5 2. Nf3 e6 3. d4 cxd4 4. Nxd4 Nf6 5. Nc3 d6 6. Be3 Be7 7. f3 Nc6 8. Qd2
a6 9. O-O-O O-O 10. g4 Nd7 11. Kb1 Nde5 12. Qg2 Nxd4 13. Bxd4 Qc7 14. h4 b5 15.
f4 Nc6 16. Be3 Bb7 17. g5 d5 18. g6 dxe4 19. gxh7+ Kh8 20. Rg1 Bf6 21. Nxe4 Nb4
22. Bd3 Rfd8 23. Qe2 Bxe4 24. Bxe4 Rxd1+ 25. Rxd1 Rd8 26. Rxd8+ Qxd8 27. h5 Nd5
28. Bc1 Qd6 29. Qf3 Be7 30. f5 Nf6 31. h6 gxh6 32. Bd3 Nxh7 33. Bxh6 exf5 34.
Bc1 Qf6 35. b3 Bb4 36. Bxf5 Bc3 37. Qh3 1-0